Escape from hunger and premature death, 1700-2100 (Record no. 494397)

MARC details
000 -LEADER
fixed length control field 00849nam a2200253Ia 4500
003 - CONTROL NUMBER IDENTIFIER
control field OSt
005 - DATE AND TIME OF LATEST TRANSACTION
control field 20220925175727.0
008 - FIXED-LENGTH DATA ELEMENTS--GENERAL INFORMATION
fixed length control field 220923b |||||||| |||| 00| 0 eng d
020 ## - INTERNATIONAL STANDARD BOOK NUMBER
International Standard Book Number 0521808782
037 ## - SOURCE OF ACQUISITION
Terms of availability General Book
040 ## - CATALOGING SOURCE
Original cataloging agency RTL
Transcribing agency RTL
Language of cataloging eng
041 ## - LANGUAGE CODE
Source of code eng
Language code of text/sound track or separate title eng
100 ## - MAIN ENTRY--PERSONAL NAME
Personal name Fogel Robert William
9 (RLIN) 95923
245 #0 - TITLE STATEMENT
Title Escape from hunger and premature death, 1700-2100
260 ## - PUBLICATION, DISTRIBUTION, ETC.
Place of publication, distribution, etc. Cambridge
Name of publisher, distributor, etc. Cambridge University Press
Date of publication, distribution, etc. 2004
300 ## - PHYSICAL DESCRIPTION
Extent xx,191p
Dimensions cm.
490 ## - SERIES STATEMENT
Series statement Cambridge Studies in Population Economy and Society in Past Time
500 ## - GENERAL NOTE
General note Bibliography: p 155-81; Glossary: p 145-49; Appendix: p 113-25
942 ## - ADDED ENTRY ELEMENTS (KOHA)
Classification part X9(J3).1(X).P00<--L00, P4
Koha item type General Books
Source of classification or shelving scheme Colon Classification (CC)
Holdings
Withdrawn status Lost status Damaged status Not for loan Home library Current library Date acquired Total Checkouts Full call number Barcode Date last seen Price effective from Koha item type
        Ratan Tata Library Ratan Tata Library 2022-09-25   X9(J3).1(X).P00<--L00 P4 RT1324557 2022-09-25 2022-09-25 General Books
Copyright @ Delhi University Library System